01464nam a2200349 a 4500001001000000003000500010005001700015008004100032010001100073011001100084040000900095090001000104100004100114245013200155260004100287500006000328502011600388590004000504590004000544590004000584650003900624650003200663650002900695650002700724856007000751901000700821942000600828942000600834999001900840952012500859952013000984000112361CHAP20220329144259.0160304s2016 mx a fsm |||||||spa d a108822 a109794 cCHAP aTesis1 aTorres Díaz Santana, Paola913060716aDe la cadena productiva a la red de valor del maíz en el Estado de Tlaxcala /h[En línea]cpor Paola Torres Díaz Santana. aChapingo, Méx. :bEl autor,c2016. aPara ver el contenido del material haga clic en la liga aTesis (Ph. D. en Ciencias en Economía Agrícola) -- UACH. División de Ciencias Económico Administrativas aE5995AHEb05c20160304lUCH01h1321 aE5995AHEb05c20160304lUCH01h1421 aE5995AHEb05c20160307lUCH01h134214aMaízxComercialización.97090714aMaízxRendimiento.97105114aMaízxTlaxcala.97107114aRedes de valor.995384 aFinding aiduhttp://10.13.5.2/tesis/sist112361.pdfzTeclea aquí aBK cV n0 c108822d108822 00102local4053708TESISaBCbBCd2016-03-04fTESISl0oTesisp33724002518256r2019-12-31 00:00:00w2019-12-31yTESIS 00102local4053708TESISaBCbBCd2016-03-04fTESISl0oTesisp33724002518330r2019-12-31 00:00:00tc.2w2019-12-31yTESIS